000 00845nac a22002417a 4500
001 BR7405073
003 BR-BrBNA
005 20240105113803.0
008 230509b bl.|||m| |||| 00| 0 por d
040 _aBR-BrBNA
_bpor
_cBiblioteca Nacional de Agricultura
072 _aM00
090 _aM00 BR7405073
100 1 _aGulland, J.A.
100 1 _aRobinson, M.A. (FAO, Rome (Italy))
110 1 _aPrograma de Pesquisa e Desenvolvimento Pesqueiro do Brasil, Rio de Janeiro, GB
_97978
245 1 _aA economia da administracao da pesca
260 3 _aRio de Janeiro, GB (Brasil):
_c1974.
300 _a13 p.
490 _aDocumentos Traduzidos - Programa de Pesquisa e Desenvolvimento Pesqueiro do Brasil (Brazil)
_vno. 4
_x
650 _aADMINISTRACAO PESQUEIRA
909 _a202312
_bLúcia Elande
_c55
_dLúcia Elande
942 _2AGRIS
_n0
_cMS
999 _c265574
_d265574